Exintor químico de incendios español : aparato reformado : sistema Biosca aparato reformado :
Descripción Física:
[8] p. ; 18 cm
Materias:
Incendis -- Extinció
MARC
| LEADER | 00000nam a2200000Ia 4500 | ||
|---|---|---|---|
| 001 | 19553 | ||
| 008 | 160829s9999 xx 000 0 cat d | ||
| 080 | |a RF-6-27 | ||
| 245 | |a Exintor químico de incendios español : |b aparato reformado : |b sistema Biosca | ||
| 260 | |a Barcelona : |b Tip. Lit. Casamajó, [1911?] | ||
| 300 | |a [8] p. ; |c 18 cm | ||
| 590 | |a A la portada: Indispensable su aplicación y utilidad en fábricas, almacenes, talleres, archivos, teatros, cinematógrafos, hospitales, colegios, restaurants, bibliotecas, museos, etc., etc. | ||
| 590 | |a Prové de Q-661, exp. 20 | ||
| 650 | |a Incendis |x Extinció |9 40506 | ||
| 856 | 4 | |u https://media.diba.cat/diba/fitxers/arxiu/fulletons/bib_19553_1911_baixa.pdf |y Accés lliure | |
| 856 | 4 | |u https://media.diba.cat/diba/fitxers/arxiu/fulletons/bib_19553_1911_baixa.pdf |y Accés lliure | |
| 901 | |a Arxiu | ||
| 942 | |n 1 |2 udc | ||
| 952 | |0 0 |1 0 |4 0 |6 RF627 |7 1 |9 53385 |a Arxiu |b Arxiu |d 2016-12-01 |l 0 |o RF-6-27 |p 19553 |r 2016-12-01 00:00:00 |w 2016-12-01 |y ARXIU | ||
| 999 | |c 57250 |d 57250 | ||
| 900 | |a bib_19553_1911_baixa.pdf | ||